000 00291nam a22001097a 4500
008 230731b xxu||||| |||| 00| 0 eng d
082 _a362.5
_bCHI
245 _aPlanning for Poverty Reduction: Lessons from Africa
260 _aOxford
_bUniversity of Oxford
300 _a23p
942 _2ddc
_cBK
999 _c4007
_d4007